Statistiques concernant Pays les plus proches de la Papouasie-Nouvelle-Guinée

Cliquez ici pour prendre le quiz!

Statistiques générales

  • Ce quiz a été pris 68 fois
  • Le résultat moyen est 16 sur 20

Statistiques - réponses

kmpays% Correct
4Australie
100%
3472Nouvelle-Zélande
100%
0Indonésie
98%
2518Fidji
88%
2226Tuvalu
88%
2565Malaisie
85%
514Micronésie
85%
1953Philippines
85%
1392Nauru
82%
1636Kiribati
80%
5Salomon
80%
1506Timor-Leste
80%
3249Tonga
80%
1875Îles Marshall
79%
1263Palaos
79%
3578Samoa
79%
1485Vanuatu
77%
2950Brunei
71%
3469Japon
68%
3454Taïwan
62%

Distribution des résultats

Percentile par nombre de réponses

% des personnes avec chaque résultat

Votre développement - résultats

Vous n’avez pas pris ce quiz